000 00277nam a22001337a 4500
008 170926b xxu||||| |||| 00| 0 eng d
020 _a0810200465
041 _aeng
080 _a37
100 _a46
101 _aEDU
245 _aSTAGE DIALECTS
_cBLUNT,J
942 _2udc
_cBK
999 _c29952
_d29952